Tennismen en anagrammes - Statistiques

Statistiques générales
  • Ce quiz a été pris 49 fois
  • Le résultat moyen est 7 sur 19
Statistiques - réponses
Hint Réponse % Correct
Alcazar Alcaraz
98%
Filmons Monfils
89%
Assagi Agassi
79%
Déférer Federer
66%
Mayo Moya
49%
Lactose Lacoste
43%
Cornons Connors
40%
Gâtons Tsonga
40%
Soir Ríos
32%
Tacos Costa
28%
Naïfs Safin
28%
Ecrouir Courier
23%
Larve Laver
23%
Hase Ashe
19%
Chtis Stich
17%
Satanés Năstase
13%
Murets Muster
9%
Choré Roche
9%
Ecolent Leconte
6%
Aucun quiz correspondant
Distribution des résultats
% des personnes avec chaque résultat
Percentile par nombre de réponses
Votre historique - résultats
Vous n’avez pas pris ce quiz